| 000 | 00378 a2200145 4500 | ||
|---|---|---|---|
| 001 | 34432 | ||
| 082 | _a629.83, PHI | ||
| 100 |
_aPhillips, C L. _9130859 |
||
| 245 |
_aFeedback control systems _cCharles L Phillips, |
||
| 250 | _a3rd Edition | ||
| 260 |
_aLondon _bPrentice Hall _c1991 |
||
| 300 | _a664 p. | ||
| 600 |
_aHarbor, Royce D. _9130860 |
||
| 942 |
_k629.83, PHI _2ddc _cBK |
||
| 999 |
_c615019 _d615019 |
||